00639cam a22002171 4500001001300000003000400013005001700017008004100034010001700075025001900092035001900111040001900130042001200149050001900161110004100180245003400221260009900255300001900354650003100373999001700404sa 64008027 DLC20260227112051.0810812s1963 ii b 000 0 eng  asa 64008027  aPL480:I-E-3171 a(OCoLC)7662982 aDLCcMnSUdDLC apremarc00aZ7164.C39bN352 aNational Cooperative Union of India.10aBibliography on co-operation. aNew Delhi,bCommittee for Co-operative Training (National Co-operative Union of India)c[1963] a171 p.c25 cm. 0aCooperationvBibliography. c60643d60643